qui sont les réalisateurs de ces films - Statistiques

Statistiques générales
  • Ce quiz a été pris 345 fois
  • Le résultat moyen est 13 sur 20
Statistiques - réponses
Films Réalisateurs % Correct
Pulp Fiction Quentin Tarantino
96%
La Guerre des étoiles (Star Wars) George Lucas
86%
2001, l’Odyssée de l’espace Stanley Kubrick
85%
Orange mécanique Stanley Kubrick
85%
Psychose Alfred Hitchcock
84%
Le Parrain Francis Ford Coppola
81%
Fight Club David Fincher
79%
Sueurs froides (Vertigo) Alfred Hitchcock
77%
Les Temps modernes Charlie Chaplin
76%
Apocalypse Now Francis Ford Coppola
73%
Taxi Driver Martin Scorsese
71%
Le Bon, la Brute et le Truand Sergio Leone
71%
Citizen Kane Orson Welles
61%
Forrest Gump Robert Zemeckis
57%
Blade Runner Ridley Scott
50%
Les Sept Samouraïs Akira Kurosawa
47%
La Dolce Vita Federico Fellini
39%
Le Fabuleux Destin d’Amélie Poulain Jean-Pierre Jeunet
39%
Matrix Lana et Lilly Wachowski
30%
Chantons sous la pluie Gene Kelly et Stanley Donen
12%
Aucun quiz correspondant
Distribution des résultats
% des personnes avec chaque résultat
Percentile par nombre de réponses
Votre historique - résultats
Vous n’avez pas pris ce quiz